[Event "SR 3. liga A2 2012/2013"]
[Site "?"]
[Date "2012.11.04"]
[Round "3.1"]
[White "Palka, Miroslav"]
[Black "Pericka, Tomas"]
[Result "1-0"]
[WhiteElo "1924"]
[BlackElo "2029"]
[PlyCount "61"]
[EventDate "2012.??.??"]

1. c4 b6 2. Nc3 Bb7 3. d4 f5 4. Nf3 Nf6 5. g3 e6 6. Bg2 Be7 7. O-O O-O 8. b3
Ne4 9. Bb2 d6 10. e3 Nd7 11. Qc2 Nxc3 12. Bxc3 Be4 13. Qb2 Qe8 14. Rfd1 Qh5 15.
Ne1 Rf6 16. f3 Rh6 17. Bh1 Bb7 18. d5 Bf6 19. Bxf6 Nxf6 20. dxe6 Re8 21. Rd4
Rxe6 22. Rh4 Qg6 23. Rxh6 Qxh6 24. Nc2 Nh5 25. Re1 Rg6 26. Nd4 Nxg3 27. hxg3
Qh3 28. Qh2 Rxg3+ 29. Bg2 Rxg2+ 30. Qxg2 Qh5 31. e4 1-0

[Event "SR 3. liga A2 2012/2013"]
[Site "?"]
[Date "2012.11.04"]
[Round "3.1"]
[White "Nemeckay, Rastislav"]
[Black "Skapikova, Lubica"]
[Result "1-0"]
[WhiteElo "1980"]
[BlackElo "1907"]
[PlyCount "95"]
[EventDate "2012.??.??"]

1. e4 e5 2. Nc3 Nc6 3. Bc4 Nf6 4. d3 Be7 5. f4 d6 6. Nf3 O-O 7. fxe5 dxe5 8.
Bg5 Ng4 9. Bxe7 Qxe7 10. Qd2 Be6 11. Nd5 Bxd5 12. Bxd5 Nb4 13. Bb3 Rad8 14. h3
Nf6 15. Qc3 Nc6 16. O-O-O Nh5 17. Qe1 Nf4 18. g3 Ne6 19. Bd5 Ned4 20. Nxd4 Nxd4
21. c3 c6 22. Bb3 Qg5+ 23. Kb1 Nxb3 24. axb3 Rd6 25. Kc2 Rfd8 26. Qf2 a6 27.
Rhf1 R8d7 28. g4 Rf6 29. Qg3 Rxf1 30. Rxf1 Qd8 31. Rf5 f6 32. g5 Kh8 33. Qf3
Rd6 34. h4 g6 35. Rxf6 Rxf6 36. Qxf6+ Qxf6 37. gxf6 c5 38. d4 cxd4 39. cxd4 Kg8
40. dxe5 Kf7 41. Kd3 Ke6 42. Kd4 b6 43. b4 h6 44. Kc4 a5 45. bxa5 bxa5 46. b3
h5 47. Kd4 Kf7 48. Ke3 1-0

[Event "SR 3. liga A2 2012/2013"]
[Site "?"]
[Date "2012.11.04"]
[Round "3.1"]
[White "Havlicek, Peter"]
[Black "Spacek, Marcel"]
[Result "1-0"]
[WhiteElo "1843"]
[BlackElo "1846"]
[PlyCount "73"]
[EventDate "2012.??.??"]

1. e4 c5 2. Nf3 Nc6 3. Bc4 e6 4. O-O a6 5. a4 d5 6. exd5 exd5 7. Re1+ Be7 8.
Bf1 Bg4 9. h3 Bh5 10. d3 Qc7 11. Bg5 Nf6 12. c3 O-O-O 13. Nbd2 Bd6 14. Be2 h6
15. Be3 Nd7 16. b4 cxb4 17. cxb4 Bxb4 18. Qb3 Qa5 19. Rab1 Rhe8 20. g4 Rxe3 21.
fxe3 Nc5 22. Qc2 Bg6 23. Rec1 Ba3 24. Nb3 Bxc1 25. Nxa5 Bxe3+ 26. Kf1 Nxa5 27.
Qc3 Nc6 28. Rb6 Ne6 29. Rxc6+ bxc6 30. Qxc6+ Nc7 31. d4 Rd7 32. Bxa6+ Kd8 33.
Ne5 Re7 34. Qd6+ Ke8 35. Nc6 Rd7 36. Qe5+ Kf8 37. Bc8 1-0

[Event "SR 3. liga A2 2012/2013"]
[Site "?"]
[Date "2012.11.04"]
[Round "3.1"]
[White "Skapik, Branislav"]
[Black "Fidericky, Milan"]
[Result "1-0"]
[WhiteElo "1857"]
[BlackElo "1835"]
[PlyCount "35"]
[EventDate "2012.??.??"]

1. e4 c6 2. d4 d5 3. e5 Bf5 4. Nc3 e6 5. g4 Bg6 6. Nge2 f6 7. h4 h5 8. Nf4 Bf7
9. g5 Ne7 10. Bh3 f5 11. Qf3 Qb6 12. Be3 Na6 13. O-O-O Qc7 14. Bf1 Qa5 15. Bd2
b5 16. Nxb5 Qxa2 17. Nd6+ Kd7 18. Qa3 1-0

[Event "SR 3. liga A2 2012/2013"]
[Site "?"]
[Date "2012.11.04"]
[Round "3.2"]
[White "Jablonicky, Frantisek"]
[Black "Kapusta, Petr"]
[Result "1-0"]
[WhiteElo "2173"]
[BlackElo "2152"]
[PlyCount "99"]
[EventDate "2012.??.??"]

1. Nf3 d5 2. d4 Nf6 3. c4 e6 4. g3 Be7 5. Bg2 O-O 6. O-O c5 7. cxd5 Qxd5 8. Nc3
Qh5 9. e3 Nc6 10. Ne5 Qxd1 11. Rxd1 Nb4 12. dxc5 Bxc5 13. a3 Na6 14. b4 Be7 15.
Bb2 Nc7 16. b5 Rd8 17. Rxd8+ Bxd8 18. Rd1 Be7 19. g4 h6 20. h3 Kf8 21. f4 Bc5
22. Kf2 Ke7 23. a4 g5 24. Nd3 Bd6 25. e4 Bxf4 26. Ba3+ Ke8 27. Nxf4 gxf4 28.
Bd6 e5 29. Bxc7 Bxg4 30. hxg4 Rc8 31. b6 axb6 32. Nb5 Nxg4+ 33. Kf3 Nh2+ 34.
Ke2 Ke7 35. Bh3 Ra8 36. Nc3 h5 37. Nd5+ Kf8 38. Nxb6 Ra6 39. Nd7+ Ke7 40. Nxe5
Rxa4 41. Bf5 Ng4 42. Nxg4 hxg4 43. Bxf4 b5 44. Kf2 b4 45. Rd7+ Kf6 46. Rb7 Ra2+
47. Kg3 Rb2 48. Kxg4 b3 49. e5+ Kg7 50. e6 1-0

[Event "SR 3. liga A2 2012/2013"]
[Site "?"]
[Date "2012.11.04"]
[Round "3.2"]
[White "Strakac, Petr"]
[Black "Kavon, Rastislav"]
[Result "1-0"]
[WhiteElo "2066"]
[BlackElo "1943"]
[PlyCount "75"]
[EventDate "2012.??.??"]

1. e4 e5 2. Nf3 Nc6 3. Bb5 f5 4. d3 fxe4 5. dxe4 Nf6 6. O-O Bc5 7. Nc3 d6 8.
Bg5 O-O 9. Nd5 Kh8 10. Nh4 Ne7 11. Bxf6 gxf6 12. Qh5 Kg7 13. Nxe7 Qxe7 14. Nf5+
Bxf5 15. Qxf5 Rad8 16. Rad1 Qf7 17. Rd3 Kh8 18. Rh3 Qe7 19. Bc4 c6 20. Rd1 Rd7
21. Rdd3 Qd8 22. Be6 Rg7 23. Rh6 Qe7 24. Rdh3 Bb4 25. c3 Ba5 26. Qh5 Qc7 27.
Rxf6 Qe7 28. Rxf8+ Qxf8 29. Rf3 Qe7 30. Qf5 Rg6 31. Bb3 Bb6 32. Qc8+ Bd8 33.
Rf7 Qg5 34. g3 Rg8 35. Qxb7 Qh5 36. Qxc6 Qe2 37. Qb7 Qh5 38. Qxa7 1-0

[Event "SR 3. liga A2 2012/2013"]
[Site "?"]
[Date "2012.11.04"]
[Round "3.2"]
[White "Jablonicky, Martin"]
[Black "Berger, Patrik"]
[Result "1-0"]
[WhiteElo "1827"]
[BlackElo "1930"]
[PlyCount "97"]
[EventDate "2012.??.??"]

1. e4 c5 2. c4 Nc6 3. Ne2 Nf6 4. Nbc3 g6 5. d4 cxd4 6. Nxd4 d6 7. Be2 Bg7 8.
Be3 O-O 9. f3 Bd7 10. Qd2 Qa5 11. O-O a6 12. Rfd1 Rfc8 13. Nb3 Qd8 14. c5 dxc5
15. Nxc5 Rc7 16. N3a4 Qe8 17. e5 Nxe5 18. Nb6 Rd8 19. Rac1 Nc6 20. Nxb7 Rxb7
21. Rxc6 Bxc6 22. Qxd8 Rb8 23. Qxe8+ Nxe8 24. b3 Bb5 25. Bxb5 axb5 26. Rd5 Nd6
27. Bc5 Nf5 28. g4 e6 29. Rd3 Nh6 30. a4 bxa4 31. bxa4 Be5 32. a5 Bc7 33. Rd7
Bd8 34. Kg2 f5 35. Bd6 Bxb6 36. Bxb8 Bxa5 37. h3 Nf7 38. Re7 Kg7 39. Rxe6 fxg4
40. hxg4 g5 41. Kf2 Bc3 42. Ke3 Bf6 43. Ke4 Bb2 44. Ba7 Ba3 45. Bd4+ Kf8 46.
Kf5 Bc1 47. Bc5+ Kg7 48. Re7 Kg8 49. Re8+ 1-0

[Event "SR 3. liga A2 2012/2013"]
[Site "?"]
[Date "2012.11.04"]
[Round "3.2"]
[White "Hudacek, Josef"]
[Black "Lopatievov, Alexander"]
[Result "0-1"]
[WhiteElo "2067"]
[BlackElo "1937"]
[PlyCount "110"]
[EventDate "2012.??.??"]

1. e4 c6 2. d4 d5 3. Nd2 dxe4 4. Nxe4 Bf5 5. Ng5 Nf6 6. Bc4 e6 7. Ne2 h6 8. Nf3
Nbd7 9. Ng3 Bh7 10. O-O Bd6 11. Re1 Qc7 12. a3 O-O 13. b4 a5 14. Rb1 Nd5 15.
Bd2 axb4 16. axb4 b5 17. Bxd5 cxd5 18. Qe2 Qc6 19. Ra1 Nb6 20. Rec1 Nc4 21. Be1
Bf4 22. Bd2 Nxd2 23. Nxd2 Qc3 24. Rxa8 Rxa8 25. Ngf1 Qxb4 26. Rb1 Qxd4 27. Qxb5
Bxc2 28. Rb4 Qf6 29. Qc6 Ra2 30. Qe8+ Kh7 31. Rb7 Bg6 32. Nf3 Rb2 33. Ra7 Rb8
34. Qd7 Qd8 35. Qa4 Qf6 36. Qd7 Rd8 37. Qc6 d4 38. g3 Bd6 39. N1d2 Bb4 40. Nc4
d3 41. Nfd2 Bxd2 42. Nxd2 Qb2 43. Qc7 Rg8 44. Qf4 Rc8 45. Rd7 Rc2 46. Nf3 Qc1+
47. Qxc1 Rxc1+ 48. Kg2 Be4 49. g4 Bd5 50. Kg3 Rc2 51. Ne1 d2 52. Nxc2 d1=Q 53.
Ne3 Qf3+ 54. Kh4 g5+ 55. Kh5 Qh3# 0-1

[Event "SR 3. liga A2 2012/2013"]
[Site "?"]
[Date "2012.11.04"]
[Round "3.2"]
[White "Mackovic, Miroslav"]
[Black "Brisudova, Veronika"]
[Result "0-1"]
[WhiteElo "1919"]
[BlackElo "1881"]
[PlyCount "136"]
[EventDate "2012.??.??"]

1. e4 c5 2. Nf3 d6 3. d4 cxd4 4. Nxd4 Nf6 5. Nc3 a6 6. Be2 e6 7. O-O Be7 8. Be3
O-O 9. f4 Nc6 10. g4 Nxd4 11. Bxd4 b5 12. g5 Ne8 13. Bf3 Bb7 14. h4 Rc8 15. a3
Qd7 16. f5 exf5 17. exf5 Bxf3 18. Qxf3 Rc4 19. Rad1 f6 20. g6 h6 21. Nd5 Bd8
22. c3 Kh8 23. Qd3 Qb7 24. b3 Rc8 25. Bf2 Qc6 26. Rc1 Nc7 27. Nb4 Qd7 28. Bb6
Re8 29. Bxc7 Qxc7 30. Nd5 Qc5+ 31. Kh1 Re5 32. c4 Qxa3 33. Nf4 bxc4 34. Rxc4
Rb8 35. Rb1 Qa2 36. Re4 Qf2 37. Rxe5 Qxh4+ 38. Nh3 dxe5 39. Rc1 Qb4 40. Rd1 Bb6
41. Qc4 Qxc4 42. bxc4 Rc8 43. Rb1 Bd4 44. Ng1 a5 45. Rb5 Bc3 46. c5 Kg8 47. c6
Kf8 48. Rb6 Bb4 49. Ne2 Ke8 50. Nc1 Kd8 51. Nd3 Kc7 52. Rb7+ Kxc6 53. Rxg7 e4
54. Nxb4+ axb4 55. Re7 b3 56. Rxe4 Kb5 57. Re3 Kc4 58. Kg2 b2 59. Re1 Kb3 60.
Kf3 Kc2 61. Kg4 Kd2 62. Rb1 Kc2 63. Rf1 b1=Q 64. Rxb1 Kxb1 65. Kh5 Kc2 66. Kxh6
Kd3 67. g7 Ke4 68. Kg6 Ke5 0-1

[Event "SR 3. liga A2 2012/2013"]
[Site "?"]
[Date "2012.11.04"]
[Round "3.2"]
[White "Londin, Martin"]
[Black "Mackovic, Matus"]
[Result "1/2-1/2"]
[WhiteElo "1956"]
[BlackElo "1871"]
[PlyCount "125"]
[EventDate "2012.??.??"]

1. e4 c6 2. d4 d5 3. exd5 cxd5 4. Nf3 Nf6 5. Be2 Bf5 6. O-O e6 7. Nh4 Bg6 8.
Bf4 Bd6 9. Bxd6 Qxd6 10. Nd2 Nc6 11. c3 O-O 12. Nxg6 hxg6 13. Bd3 e5 14. dxe5
Nxe5 15. Nf3 Rad8 16. Nd4 Nc4 17. Rb1 Rfe8 18. Bxc4 dxc4 19. Qa4 Qc5 20. Rfe1
a6 21. h3 Kf8 22. Rxe8+ Rxe8 23. Rd1 Ne4 24. Re1 Nd6 25. Rxe8+ Nxe8 26. Qc2 Nd6
27. Qe2 Qd5 28. f3 Nf5 29. Nxf5 gxf5 30. g3 b5 31. a3 Qd6 32. Kg2 f4 33. g4 g5
34. Qc2 Ke7 35. Qf2 Ke6 36. Qe2+ Kf6 37. Qf2 a5 38. h4 gxh4 39. Qxh4+ Ke6 40.
Qe1+ Kf6 41. Qf2 Kg5 42. Qe2 f5 43. gxf5 Kxf5 44. Qc2+ Qd3 45. Qf2 Qe3 46. Kf1
Kg5 47. Qg2+ Kf6 48. Qf2 Ke5 49. Kg2 Kf5 50. Kf1 Qc1+ 51. Kg2 Qe3 52. Kf1 Qc1+
53. Kg2 Qe3 54. Kf1 Qc1+ 55. Kg2 Qe3 56. Kf1 Qc1+ 57. Kg2 Qe3 58. Qh4 Qe2+ 59.
Qf2 Qe3 60. Kf1 Qc1+ 61. Kg2 Qe3 62. Kf1 Qc1+ 63. Kg2 1/2-1/2

[Event "SR 3. liga A2 2012/2013"]
[Site "?"]
[Date "2012.11.04"]
[Round "3.2"]
[White "Slobodnik, Michal"]
[Black "Kubis, Ivan"]
[Result "0-1"]
[WhiteElo "1785"]
[BlackElo "2013"]
[PlyCount "126"]
[EventDate "2012.??.??"]

1. d4 Nf6 2. c4 e6 3. Nc3 Bb4 4. Bd2 O-O 5. Nf3 b6 6. g3 Bb7 7. Bg2 d6 8. O-O
Nbd7 9. Rc1 c5 10. a3 Bxc3 11. Bxc3 Rc8 12. Qb3 Ne4 13. Rfd1 Qe7 14. Be1 f5 15.
Bf1 f4 16. Nd2 cxd4 17. Nxe4 Bxe4 18. f3 Nc5 19. Qa2 Bb7 20. b4 Nd7 21. Rxd4 e5
22. Rdd1 Kh8 23. g4 e4 24. Bg2 Ne5 25. Qb3 Rfd8 26. h3 d5 27. cxd5 Rxc1 28.
Rxc1 Bxd5 29. Qc3 e3 30. Kh2 Bc4 31. Qb2 b5 32. h4 Nc6 33. Kh3 Nd4 34. h5 Rd6
35. Bh4 Qd7 36. Bf1 Nb3 37. Rc3 Rd1 38. Bg2 Nd4 39. h6 Rd2 40. Qb1 Nxe2 41. Qe4
Nxc3 42. Qxf4 Qe8 43. Bf6 Nd5 44. Qg5 Qg6 45. Bxg7+ Kg8 46. Qd8+ Kf7 47. Qf8+
Ke6 48. Qc8+ Ke7 49. Qc5+ Kd7 50. Qxa7+ Nc7 51. Qxe3 Rd3 52. Qc5 Rxa3 53. Bf8
Nd5 54. Kh2 Ra2 55. Kg3 Ra3 56. Kh2 Qf6 57. Bg7 Qh4+ 58. Kg1 Qe1+ 59. Kh2 Qxb4
60. Qd4 Qd6+ 61. Be5 Qxh6+ 62. Kg3 Qe3 63. Qb2 Ra2 0-1

[Event "SR 3. liga A2 2012/2013"]
[Site "?"]
[Date "2012.11.04"]
[Round "3.2"]
[White "Hrubsa, Marian"]
[Black "Bango, Lukas"]
[Result "0-1"]
[WhiteElo "1820"]
[BlackElo "1722"]
[PlyCount "182"]
[EventDate "2012.??.??"]

1. e4 c5 2. Nf3 d6 3. d4 cxd4 4. Nxd4 Nf6 5. Nc3 g6 6. Be2 Bg7 7. Be3 O-O 8.
O-O Nc6 9. f4 Bd7 10. a3 a6 11. Bf3 Qc7 12. Qd2 Rfc8 13. Qf2 Na5 14. e5 Ng4 15.
Bxg4 Bxg4 16. Nd5 Qd8 17. Nb3 Nc4 18. Bb6 Qd7 19. Qh4 Bf8 20. exd6 Qxd6 21.
Qxg4 Nxb6 22. Nc3 Nc4 23. Qe2 e6 24. Kh1 Nxb2 25. Ne4 Qc7 26. c3 Nc4 27. Rad1
Nxa3 28. Rd7 Qc4 29. Qxc4 Rxc4 30. Ng5 Rxc3 31. Rxb7 Nb5 32. Nd2 Nd6 33. Rd7 h6
34. Nge4 Rc6 35. Nf6+ Kg7 36. Ng4 Rac8 37. Ne5 R6c7 38. h3 Rxd7 39. Nxd7 Rd8
40. Nxf8 Rxf8 41. Ra1 Ra8 42. Nb3 Nb7 43. g3 Kf8 44. Kg2 Ke7 45. Kf3 Kd6 46.
Ke3 Kc6 47. Nd4+ Kd7 48. Nb3 a5 49. Ra4 Kc6 50. Rc4+ Kb6 51. Kd3 a4 52. Rb4+
Kc7 53. Rc4+ Kd6 54. Rd4+ Ke7 55. Nc1 Nc5+ 56. Kc2 Rd8 57. Rc4 Kd6 58. Rd4+ Kc7
59. Rc4 Kb6 60. Na2 f6 61. Nc3 Ra8 62. Rb4+ Kc6 63. Na2 f5 64. Rc4 Kd5 65. Rb4
Ne4 66. Kd3 Nxg3 67. Nc3+ Kc5 68. Rc4+ Kd6 69. Nxa4 Ne4 70. Kd4 Nd2 71. Rb4
Nb3+ 72. Kd3 Rxa4 73. Rxb3 Rxf4 74. Ke3 g5 75. Rb6+ Ke5 76. Rb5+ Kf6 77. Ke2
Rh4 78. Rb3 h5 79. Kf2 g4 80. hxg4 hxg4 81. Kg2 f4 82. Rb4 Kf5 83. Rb5+ e5 84.
Ra5 f3+ 85. Kg1 g3 86. Ra1 Rd4 87. Rb1 Kf4 88. Kh1 e4 89. Re1 Rd2 90. Rb1 Rh2+
91. Kg1 f2+ 0-1

[Event "SR 3. liga A2 2012/2013"]
[Site "?"]
[Date "2012.11.04"]
[Round "3.3"]
[White "Svoboda, Adam"]
[Black "Malar, Pavol"]
[Result "0-1"]
[WhiteElo "1958"]
[BlackElo "2118"]
[PlyCount "58"]
[EventDate "2012.??.??"]

1. e4 e6 2. d4 d5 3. Nc3 Bb4 4. e5 c5 5. a3 Ba5 6. b4 cxd4 7. bxa5 dxc3 8. Qg4
Ne7 9. Qxg7 Rg8 10. Qxh7 Nbc6 11. Nf3 Qxa5 12. Ng5 Rf8 13. f4 Nf5 14. g4 Nfd4
15. Rb1 Bd7 16. Bd3 Qc5 17. Rxb7 Na5 18. Rb4 O-O-O 19. Kd1 Ndc6 20. Rb1 Nc4 21.
Qh3 f6 22. Nh7 Rh8 23. exf6 e5 24. fxe5 N6xe5 25. Bf5 Bxf5 26. gxf5 Qd4+ 27.
Ke2 Qe4+ 28. Be3 Qxc2+ 29. Kf1 Qxb1+ 0-1

[Event "SR 3. liga A2 2012/2013"]
[Site "?"]
[Date "2012.11.04"]
[Round "3.3"]
[White "Hertel, Ondrej"]
[Black "Puskar, Peter"]
[Result "1/2-1/2"]
[WhiteElo "2079"]
[BlackElo "2004"]
[PlyCount "66"]
[EventDate "2012.??.??"]

1. d4 Nf6 2. Nf3 g6 3. Bg5 Bg7 4. e3 O-O 5. Bd3 d5 6. O-O c6 7. c3 Nbd7 8. Nbd2
Qb6 9. Qb3 Re8 10. e4 dxe4 11. Nxe4 Nxe4 12. Bxe4 e5 13. Qxb6 axb6 14. Rfe1
exd4 15. Nxd4 Nc5 16. Bc2 Bd7 17. a3 Ne6 18. Nxe6 Bxe6 19. Re3 f6 20. Rae1 Kf7
21. Bf4 Bd5 22. h4 Rxe3 23. Rxe3 Re8 24. Rxe8 Kxe8 25. f3 b5 26. Kf2 Kf7 27. g4
Ke6 28. h5 f5 29. Kg3 Bf6 30. g5 Be7 31. h6 Bf8 32. Bb8 Be7 33. Bf4 Bf8 1/2-1/2

[Event "SR 3. liga A2 2012/2013"]
[Site "?"]
[Date "2012.11.04"]
[Round "3.3"]
[White "Lukacovic, Miroslav"]
[Black "Bisco, Igor"]
[Result "1-0"]
[WhiteElo "1997"]
[BlackElo "2143"]
[PlyCount "60"]
[EventDate "2012.??.??"]

1. d4 Nf6 2. c4 g6 3. Nc3 Bg7 4. e4 d6 5. Be3 O-O 6. Qd2 Nc6 7. f3 a6 8. Rc1
Re8 9. Bd3 e5 10. d5 Nd4 11. Nge2 Nxe2 12. Bxe2 Nh5 13. g4 Nf4 14. Bf1 g5 15.
Ne2 c5 16. h4 f6 17. Ng3 h6 18. a3 Re7 19. Qh2 b6 20. Bd2 Raa7 21. Rc2 Qe8 22.
hxg5 fxg5 23. Bc3 Qa4 24. Rc1 b5 25. Qc2 Qxc2 26. Rxc2 bxc4 27. Bxc4 Bf8 28.
Nh5 Nxh5 29. Rxh5 Rf7 30. Ke2 a5 {èas} 1-0

[Event "SR 3. liga A2 2012/2013"]
[Site "?"]
[Date "2012.11.04"]
[Round "3.3"]
[White "Slamena, Michal"]
[Black "Kolenak, Matus"]
[Result "0-1"]
[WhiteElo "1986"]
[BlackElo "1916"]
[PlyCount "58"]
[EventDate "2012.??.??"]

1. e4 e5 2. Nf3 Nc6 3. Bb5 a6 4. Ba4 g6 5. O-O Bg7 6. c3 Nge7 7. d4 b5 8. Bb3
O-O 9. Bg5 h6 10. Bh4 d6 11. Bd5 g5 12. Bxg5 hxg5 13. Nxg5 Nxd5 14. exd5 Qxg5
15. dxc6 e4 16. f4 Qd5 17. g4 Qxc6 18. Nd2 e3 19. Nf3 Bxg4 20. d5 Qc4 21. Qc2
Qxf4 22. Qg2 Rae8 23. Rae1 Bh5 24. Kh1 Qg4 25. Qe2 Qe4 26. Rd1 Re5 27. Rd3 Rfe8
28. Rd4 Bxf3+ 29. Rxf3 Qxf3+ 0-1

[Event "SR 3. liga A2 2012/2013"]
[Site "?"]
[Date "2012.11.04"]
[Round "3.3"]
[White "Hagara, Vladimir"]
[Black "Racik, Marek"]
[Result "0-1"]
[WhiteElo "1909"]
[BlackElo "1895"]
[PlyCount "72"]
[EventDate "2012.??.??"]

1. c4 e5 2. Nc3 Nf6 3. g3 Nc6 4. Bg2 Bc5 5. e3 O-O 6. Nge2 d6 7. O-O Bg4 8. Na4
Bb6 9. Nxb6 cxb6 10. f3 Be6 11. b3 d5 12. cxd5 Nxd5 13. d4 exd4 14. Nxd4 Nc3
15. Nxe6 fxe6 16. Qc2 Nd5 17. Rd1 Qf6 18. Bd2 Ne5 19. f4 Ng4 20. Qe4 Rac8 21.
Rac1 Rxc1 22. Rxc1 h5 23. Bf3 Qe7 24. Rc2 Rf6 25. h3 Nh6 26. Bxh5 Nf5 27. Kh2
Rh6 28. Bg4 g6 29. Qe5 Nf6 30. Bxf5 gxf5 31. Qb8+ Kh7 32. Rc7 Nd7 33. Qxb7 Kg6
34. Rxd7 Qf6 35. Qc7 Qa1 36. Qe5 Rxh3+ 0-1

[Event "SR 3. liga A2 2012/2013"]
[Site "?"]
[Date "2012.11.04"]
[Round "3.3"]
[White "Gajarsky, Roman"]
[Black "Puskar, David"]
[Result "1-0"]
[WhiteElo "1873"]
[BlackElo "1699"]
[PlyCount "59"]
[EventDate "2012.??.??"]

1. e4 e6 2. d4 d5 3. exd5 exd5 4. Nf3 Bd6 5. c4 Nf6 6. c5 Be7 7. b4 b6 8. Bb2
O-O 9. Be2 Nc6 10. b5 Na5 11. c6 a6 12. a4 Bf5 13. O-O axb5 14. axb5 Nh5 15. g3
Nf6 16. Ne5 Ne4 17. Nc3 Bb4 18. Nxe4 Bxe4 19. Bg4 f6 20. Be6+ Kh8 21. Nf7+ Rxf7
22. Bxf7 g6 23. Be6 Nc4 24. Rxa8 Qxa8 25. Bc1 Qa2 26. Bh6 Bc3 27. f3 Bc2 28.
Qe2 Bxd4+ 29. Kh1 g5 30. Bxd5 1-0

[Event "SR 3. liga A2 2012/2013"]
[Site "?"]
[Date "2012.11.04"]
[Round "3.3"]
[White "Dzurjaninova, Hana"]
[Black "Janas, Peter"]
[Result "1/2-1/2"]
[WhiteElo "1592"]
[BlackElo "1756"]
[PlyCount "117"]
[EventDate "2012.??.??"]

1. e4 e6 2. d4 d5 3. e5 c5 4. c3 Nc6 5. Nf3 cxd4 6. cxd4 Bb4+ 7. Nc3 Nge7 8.
Bd3 Nf5 9. a3 Bxc3+ 10. bxc3 Qa5 11. Bd2 Qc7 12. Qc2 h6 13. O-O Na5 14. Qa4+
Bd7 15. Qb4 Nc6 16. Qb2 Nfe7 17. Ne1 Na5 18. f4 Nc4 19. Qc2 h5 20. Nf3 Nf5 21.
Rf2 g6 22. Qb3 a5 23. a4 O-O 24. h3 Kg7 25. Nh2 Nxd2 26. Rxd2 Ng3 27. Rc2 f6
28. Nf3 Rab8 29. c4 Qd8 30. cxd5 exd5 31. Qxd5 Bc6 32. Qc4 Bxf3 33. gxf3 fxe5
34. dxe5 Nf5 35. Bxf5 Rxf5 36. Qc7+ Rf7 37. Qxd8 Rxd8 38. Rc4 Rd2 39. h4 Rd3
40. Kg2 Rd5 41. Rb1 Kf8 42. Rb6 Kg7 43. Kg3 Re7 44. Kf2 Kf7 45. Rf6+ Kg7 46.
Ke3 Rdxe5+ 47. fxe5 Rxe5+ 48. Kf4 Kxf6 49. Rc7 Re7 50. Rc5 b6 51. Rc6+ Kg7 52.
Rxb6 Rc7 53. Re6 Rc4+ 54. Re4 Rc5 55. Ke3 Rc3+ 56. Kf4 Kf6 57. Rd4 Rc5 58. Rd6+
Kf7 59. Ke4 1/2-1/2

[Event "SR 3. liga A2 2012/2013"]
[Site "?"]
[Date "2012.11.04"]
[Round "3.3"]
[White "Cebo, Vladimir"]
[Black "Drahos, Miroslav"]
[Result "1-0"]
[WhiteElo "1627"]
[BlackElo "1652"]
[PlyCount "59"]
[EventDate "2012.??.??"]

1. c4 Nf6 2. Nc3 g6 3. d4 d5 4. e3 Bg7 5. Nf3 O-O 6. Be2 c5 7. O-O cxd4 8. exd4
Nc6 9. Be3 Re8 10. Rc1 Bg4 11. Qb3 Na5 12. Qb4 Bxf3 13. Bxf3 dxc4 14. Rfd1 e6
15. d5 exd5 16. Nxd5 Nxd5 17. Rxd5 Nc6 18. Qxc4 Qe7 19. Rcd1 Ne5 20. Qe2 Nxf3+
21. Qxf3 Rac8 22. g3 Rcd8 23. Bg5 f6 24. Be3 b6 25. Qf4 Rxd5 26. Rxd5 Rc8 27.
Qa4 Rc7 28. Bf4 Rb7 29. Qc4 h6 30. Rd7+ 1-0

[Event "SR 3. liga A2 2012/2013"]
[Site "?"]
[Date "2012.11.04"]
[Round "3.4"]
[White "Takacs, Laszlo"]
[Black "Sturdik, Igor"]
[Result "0-1"]
[WhiteElo "2134"]
[BlackElo "2027"]
[PlyCount "70"]
[EventDate "2012.??.??"]

1. e4 Nf6 2. Nc3 d5 3. exd5 Nxd5 4. Nxd5 Qxd5 5. d4 Nc6 6. Be3 e5 7. dxe5 Qxd1+
8. Rxd1 Nxe5 9. Bf4 Bd6 10. Bb5+ Ke7 11. Ne2 Be6 12. O-O Rhd8 13. Bg5+ f6 14.
Bc1 Bc5 15. Nf4 Bf7 16. Nd3 Nxd3 17. Bxd3 Bg6 18. Bxg6 hxg6 19. Rfe1+ Kf7 20.
Bf4 Bb6 21. Kf1 c6 22. f3 Rxd1 23. Rxd1 Rd8 24. Rxd8 Bxd8 25. Ke2 Ke6 26. Kd3
Be7 27. Be3 a6 28. Bb6 Bd6 29. g3 g5 30. Ke4 f5+ 31. Kd3 g6 32. Kc4 g4 33. f4
Be7 34. Bc5 b5+ 35. Kb4 a5+ 0-1

[Event "SR 3. liga A2 2012/2013"]
[Site "?"]
[Date "2012.11.04"]
[Round "3.4"]
[White "Krist, Milan"]
[Black "Veselsky, Jozef"]
[Result "0-1"]
[WhiteElo "1985"]
[BlackElo "2158"]
[PlyCount "86"]
[EventDate "2012.??.??"]

1. c4 e6 2. Nc3 d5 3. cxd5 exd5 4. d4 Nf6 5. Nf3 Be7 6. e3 O-O 7. Bd3 Bg4 8.
O-O Nbd7 9. Be2 Re8 10. Bd2 c6 11. Rc1 Bd6 12. h3 Bh5 13. Nh4 Bxe2 14. Qxe2 Ne4
15. Nf3 Ndf6 16. Na4 Qe7 17. a3 Rac8 18. Rc2 Nxd2 19. Nxd2 Bb8 20. Nf3 Ne4 21.
Rfc1 Rcd8 22. Nc5 Rd6 23. Nd3 Rh6 24. Nde5 f6 25. Ng4 Rh5 26. Nd2 Rf5 27. Nxe4
Qxe4 28. Nh2 Rg5 29. Qf3 Qg6 30. b4 Bd6 31. Kh1 a6 32. Re2 Re4 33. Rd2 Rh4 34.
Rg1 h5 35. Qd1 Qf5 36. Qf1 Qe4 37. f3 Qxe3 38. Qe2 Rxh3 39. g3 Qxg1+ 40. Kxg1
Rhxg3+ 41. Qg2 Rxg2+ 42. Rxg2 Rxg2+ 43. Kxg2 Bxh2 0-1

[Event "SR 3. liga A2 2012/2013"]
[Site "?"]
[Date "2012.11.04"]
[Round "3.4"]
[White "Darazs, Zoltan"]
[Black "Mosny, Jaroslav"]
[Result "1-0"]
[WhiteElo "2124"]
[BlackElo "1923"]
[PlyCount "125"]
[EventDate "2012.??.??"]

1. e4 e5 2. Nf3 d6 3. d4 exd4 4. Nxd4 g6 5. Nc3 Bg7 6. Be3 Nf6 7. Qd2 O-O 8.
O-O-O Re8 9. Bg5 Nc6 10. h4 Nxd4 11. Qxd4 h6 12. Bxf6 Qxf6 13. Qxf6 Bxf6 14.
Nd5 Bd8 15. f3 Be6 16. Ne3 Bf6 17. Bc4 Rad8 18. Bxe6 fxe6 19. Ng4 Kg7 20. c4 h5
21. Ne3 Be5 22. Kc2 Rf8 23. b3 Bf4 24. Kd3 Bxe3 25. Kxe3 e5 26. Rd5 b6 27. b4
Kf6 28. Rhd1 Ke7 29. c5 Rf6 30. R1d3 Rdf8 31. Ra3 Ra8 32. Rd2 Kd7 33. Rc2 b5
34. cxd6 cxd6 35. Ra6 Rff8 36. Rcc6 Rf6 37. Rc3 Rff8 38. Rd3 Rf6 39. Rda3 Rff8
40. Rxa7+ Rxa7 41. Rxa7+ Kc6 42. Ra6+ Kc7 43. a4 bxa4 44. Rxa4 Kb6 45. Ra5 Rc8
46. Rd5 Kc7 47. g3 Ra8 48. Ra5 Rb8 49. b5 Kd7 50. f4 Ke6 51. fxe5 dxe5 52. Ra6+
Kf7 53. b6 Rc8 54. Kd3 Rc1 55. Ra7+ Kf6 56. Rc7 Rb1 57. b7 g5 58. Kc4 gxh4 59.
gxh4 Ke6 60. Kc5 Rc1+ 61. Kb6 Rb1+ 62. Ka7 Kd6 63. b8=Q 1-0

[Event "SR 3. liga A2 2012/2013"]
[Site "?"]
[Date "2012.11.04"]
[Round "3.4"]
[White "Puskas, Miroslav"]
[Black "Marosi, Csaba"]
[Result "1/2-1/2"]
[WhiteElo "1909"]
[BlackElo "1949"]
[PlyCount "75"]
[EventDate "2012.??.??"]

1. e4 c5 2. Nf3 e6 3. d4 cxd4 4. Nxd4 Qb6 5. c3 Bc5 6. b4 Bxd4 7. Qxd4 Qxd4 8.
cxd4 Nc6 9. Be3 Nxb4 10. Na3 Nf6 11. f3 d5 12. e5 Nd7 13. Be2 O-O 14. O-O a6
15. Rfc1 Nc6 16. Rab1 Ndb8 17. Nc2 b5 18. Nb4 Nxb4 19. Rxb4 Bd7 20. a3 Nc6 21.
Rb2 Rfc8 22. Rbc2 Kf8 23. Kf2 Ke8 24. Rc5 Ne7 25. Bd3 h6 26. g4 Rxc5 27. Rxc5
Rc8 28. Rxc8+ Bxc8 29. Bd2 Nc6 30. Ke3 Kd7 31. h4 Ke7 32. h5 f5 33. Bc3 Kf7 34.
Kf4 g5+ 35. hxg6+ Kxg6 36. Kg3 Bd7 37. Kh4 Bc8 38. f4 1/2-1/2

[Event "SR 3. liga A2 2012/2013"]
[Site "?"]
[Date "2012.11.04"]
[Round "3.4"]
[White "Meszaros, Lorant"]
[Black "Bukovsky, Milan"]
[Result "1/2-1/2"]
[WhiteElo "2048"]
[BlackElo "1956"]
[PlyCount "103"]
[EventDate "2012.??.??"]

1. d4 Nf6 2. c4 g6 3. Nf3 Bg7 4. g3 c6 5. Bg2 d5 6. O-O O-O 7. b3 Bf5 8. Nh4
Bd7 9. Nc3 e6 10. Qc2 Na6 11. a3 Rc8 12. c5 Qe7 13. Bf4 Ne8 14. Nf3 f6 15. h4
e5 16. dxe5 fxe5 17. Bg5 Bf6 18. Qd2 Nac7 19. b4 e4 20. Nd4 Ne6 21. Nxe6 Bxe6
22. f3 exf3 23. exf3 Bxg5 24. hxg5 Ng7 25. g4 Qf7 26. Ne2 Bd7 27. Bh3 Rce8 28.
Rf2 Ne6 29. Rd1 Nf4 30. Nxf4 Qxf4 31. Qxf4 Rxf4 32. Rd3 Re1+ 33. Kg2 Rc4 34.
Kg3 a5 35. Rb2 axb4 36. axb4 Kf7 37. Bg2 Rcc1 38. f4 Rb1 39. Rxb1 Rxb1 40. Rd4
Rb3+ 41. Kh4 Rc3 42. Bf1 Re3 43. Bd3 Re1 44. f5 Rh1+ 45. Kg3 gxf5 46. gxf5 h6
47. g6+ Kg7 48. Rf4 Kf6 49. Rd4 Rd1 50. Kf2 Rd2+ 51. Ke3 Rg2 52. Kf3 1/2-1/2